000 00475nam a2200133 4500
999 _c6260
_d6260
008 170218b xxu||||| |||| 00| 0 eng d
082 _aDPer 910.5 T69 Jan-Aug 2015 v. 1-4
245 _aSnapshots:
_bbloggers share their lists of bests from their favorite places all over the world.
260 _aPhilippines:
_bOne Mega Group,
_c©2015.
300 _av3, pages 24-25:
_billustrations;
_c28 cm.
500 _aTravel Now.
650 0 _918855
_aTourist trade
942 _2ddc
_cPER